Экономика, организация и планирование литейного производства: учебник

Manylion Llyfryddiaeth
Prif Awdur: Маслов А. Ф. Александр Федорович
Iaith:Rwseg
Cyhoeddwyd: Москва, Машиностроение, 1985
Rhifyn:2-е изд., перераб. и доп.
Pynciau:
Fformat: Llyfr
KOHA link:https://koha.lib.tpu.ru/cgi-bin/koha/opac-detail.pl?biblionumber=285746

MARC

LEADER 00000nam0a2200000 4500
001 285746
005 20231101235826.0
020 |a RU  |b 85-27544 
035 |a (RuTPU)RU\TPU\book\310022 
090 |a 285746 
100 |a 20150227d1985 m y0rusy5003 ca 
101 0 |a rus 
102 |a RU 
105 |a y j 001zy 
200 1 |a Экономика, организация и планирование литейного производства  |e учебник  |f А. Ф. Маслов 
205 |a 2-е изд., перераб. и доп. 
210 |a Москва  |c Машиностроение  |d 1985 
215 |a 288 с. 
320 |a Библиогр.: с. 284 
606 1 |a Литейное производство  |x Экономика  |2 stltpush  |3 (RuTPU)RU\TPU\subj\40319  |9 60175 
610 1 |a машиностроение 
610 1 |a планирование 
610 1 |a литейные цеха 
610 1 |a производственные объединения 
610 1 |a производственные программы 
610 1 |a производственные процессы 
610 1 |a технико-экономические характеристики 
610 1 |a поточное производство 
610 1 |a автоматизированное производство 
610 1 |a техническая подготовка 
610 1 |a рационализация 
610 1 |a изобретательство 
610 1 |a патентное право 
610 1 |a управление 
610 1 |a основные фонды 
610 1 |a оборотные средства 
610 1 |a производственная мощность 
610 1 |a качество 
610 1 |a продукция 
610 1 |a научная организация труда 
610 1 |a техническое нормирование 
610 1 |a оплата 
610 1 |a материальное стимулирование 
610 1 |a себестоимость 
610 1 |a внутрипроизводственный хозрасчет 
610 1 |a учебники 
675 |a 621.74:658(075.32)  |v 3 
700 1 |a Маслов  |b А. Ф.  |g Александр Федорович 
801 0 |a RU  |b RuMRKP  |c 19950704  |g psbo 
801 1 |a RU  |b 63413507  |c 20150227 
801 2 |a RU  |b 63413507  |c 20171109  |g RCR 
942 |c BK